[Event "Klubbmesterskap 2003"]
[Site "Ski, Akershus NOR"]
[Date "2003.03.13"]
[Round "7"]
[White "Pettersen, Erling"]
[Black "Furnes, Torstein"]
[Result "0-1"]
[WhiteElo "1349"]
[BlackElo "1464"]
[PlyCount "52"]
[EventDate "2003.01.23"]

1. e4 c5 2. Nf3 Nc6 3. Bb5 d6 4. Nc3 a6 5. Bxc6+ bxc6 6. d4 cxd4 7. Nxd4 c5 8.
Nf3 e6 9. O-O Bb7 10. b3 g6 11. Bb2 Bg7 12. Re1 Ne7 13. Qd3 O-O 14. Rad1 d5 15.
exd5 exd5 16. Qe3 Nf5 17. Qxc5 Rc8 18. Qb4 Qc7 19. Nxd5 Bxd5 20. Rxd5 Bxb2 21.
c4 Rfd8 22. Qd2 Rxd5 23. Qxd5 Rd8 24. Qe4 Qa5 25. g4 Ng7 26. Qe7 Re8 0-1

[Event "Klubbmesterskap 2003"]
[Site "Ski, Akershus NOR"]
[Date "2003.04.03"]
[Round "7"]
[White "Weberg, Øivind"]
[Black "Lea, Per"]
[Result "0-1"]
[WhiteElo "1591"]
[BlackElo "1669"]
[PlyCount "156"]
[EventDate "2003.01.23"]

1. e4 e5 2. Nf3 Nc6 3. d4 exd4 4. Bc4 Nf6 5. O-O Nxe4 6. Re1 d5 7. Bxd5 Qxd5 8.
Nc3 Qa5 9. Nxe4 Be6 10. Neg5 O-O-O 11. Nxe6 fxe6 12. Rxe6 Bd6 13. Bg5 Rde8 14.
Qe2 Kd7 15. Re1 Qxe1+ 16. Qxe1 Rxe6 17. Qd2 Rhe8 18. Kf1 Kc8 19. Bh4 Bb4 20. c3
dxc3 21. bxc3 Re2 22. Qd3 Ba5 23. g4 g6 24. Nd4 Nxd4 25. cxd4 Rxa2 26. Bg3 Bb6
27. h4 Rd8 28. Be5 Ra4 29. h5 Bxd4 30. Qg3 Rf8 31. Bxd4 Rxd4 32. hxg6 hxg6 33.
Qe3 Rdf4 34. Qe6+ Kb8 35. Qxg6 Rxf2+ 36. Kg1 a5 37. Qh5 a4 38. Qc5 R2f4 39. Kh2
Rf3 40. g5 a3 41. g6 a2 42. g7 Rf2+ 43. Kg3 R2f3+ 44. Kg2 Rf2+ 45. Kg3 a1=Q 46.
gxf8=Q+ Rxf8 47. Qxf8+ Ka7 48. Qc5+ Ka6 49. Qxc7 Qa3+ 50. Kg2 Qb2+ 51. Kh3 b5
52. Qc6+ Ka5 53. Qc7+ Ka4 54. Qc6 Ka3 55. Qa6+ Kb4 56. Qd6+ Kb3 57. Qd5+ Kc3
58. Qc5+ Kd2 59. Qd5+ Kc2 60. Qe4+ Kc1 61. Qe1+ Kc2 62. Qe4+ Kb3 63. Qd5+ Ka3
64. Qa8+ Kb4 65. Qe4+ Kc3 66. Qe5+ Kc2 67. Qe4+ Kd1 68. Qd3+ Kc1 69. Qf1+ Kc2
70. Qe2+ Kb1 71. Qd3+ Ka2 72. Kg4 Qg7+ 73. Kf4 Qh6+ 74. Ke5 Qg5+ 75. Ke6 Qg4+
76. Kd6 Qb4+ 77. Ke5 Qb2+ 78. Kd6 Qa3+ 0-1

[Event "Klubbmesterskap 2003"]
[Site "Ski, Akershus NOR"]
[Date "2003.04.10"]
[Round "8"]
[White "Lea, Per"]
[Black "Bekkelien, Glenn Lewi"]
[Result "1/2-1/2"]
[WhiteElo "1669"]
[BlackElo "1659"]
[PlyCount "67"]
[EventDate "2003.01.23"]

1. e4 c6 2. d4 d5 3. Nc3 dxe4 4. Nxe4 Nd7 5. Bc4 Ngf6 6. Nxf6+ Nxf6 7. Nf3 e6
8. Bg5 Be7 9. O-O O-O 10. Ne5 Nd5 11. Bxe7 Qxe7 12. Qe2 c5 13. Rad1 a6 14. c3
b5 15. Ng6 hxg6 16. Bxd5 Ra7 17. Bf3 Bb7 18. Rfe1 Re8 19. d5 Bxd5 20. Bxd5 exd5
21. Qd2 Qd8 22. Rxe8+ Qxe8 23. Qxd5 Qe2 24. Qd8+ Kh7 25. Qh4+ Qh5 26. Qxh5+
gxh5 27. Rd5 g6 28. Rxc5 Rd7 29. Kf1 Rd2 30. Rc6 a5 31. Ra6 a4 32. c4 bxc4 33.
Rxa4 Rxb2 34. Rxc4 1/2-1/2

[Event "Klubbmesterskap 2003"]
[Site "Ski, Akershus NOR"]
[Date "2003.04.10"]
[Round "8"]
[White "Furnes, Torstein"]
[Black "Lystad, Frank"]
[Result "1-0"]
[WhiteElo "1464"]
[BlackElo "1395"]
[PlyCount "71"]
[EventDate "2003.01.23"]

1. d4 d5 2. c4 e6 3. Nc3 Nf6 4. Bg5 Be7 5. e3 O-O 6. Nf3 Nbd7 7. Bd3 b6 8. cxd5
Nxd5 9. Bxe7 Qxe7 10. Nxd5 exd5 11. O-O Nf6 12. Rc1 Bg4 13. Be2 Bxf3 14. Bxf3
Rac8 15. Rc6 Rfd8 16. Qb3 Rd6 17. Rfc1 Qd7 18. Qc2 Rxc6 19. Qxc6 Qxc6 20. Rxc6
a5 21. Be2 Ne8 22. Ba6 Ra8 23. Bd3 h6 24. Kf1 Kf8 25. Ke2 Ke7 26. Bb5 Rc8 27.
Kf3 Rd8 28. Kf4 f6 29. Bd3 Rd6 30. Rc1 Rd8 31. Bb5 Rc8 32. Bc6 g5+ 33. Kg4 Kd6
34. Kf5 h5 35. Kg6 h4 36. Kf7 1-0

[Event "Klubbmesterskap 2003"]
[Site "Ski, Akershus NOR"]
[Date "2003.05.15"]
[Round "9"]
[White "Warendorph, Hakon"]
[Black "Furnes, Torstein"]
[Result "0-1"]
[WhiteElo "1355"]
[BlackElo "1464"]
[PlyCount "54"]
[EventDate "2003.01.23"]

1. d4 d5 2. c4 e6 3. Nc3 Nf6 4. Bg5 Be7 5. Nf3 O-O 6. e3 b6 7. a3 Bb7 8. Qc2
Nbd7 9. cxd5 exd5 10. Bd3 c5 11. O-O c4 12. Be2 Rc8 13. h3 Re8 14. Bf4 a6 15.
Rac1 Nf8 16. Nh4 Ne6 17. Be5 Nd7 18. Nf3 Nxe5 19. Nxe5 Bd6 20. Nf3 Bb8 21. Qf5
g6 22. Qg4 Qd6 23. g3 Kg7 24. Nh4 Kh8 25. f4 Ng7 26. Qf3 Qe6 27. Qg4 Qxe3+ 0-1

[Event "Klubbmesterskap 2003"]
[Site "Ski, Akershus NOR"]
[Date "2003.05.15"]
[Round "9"]
[White "Moberg, Jan Rune"]
[Black "Lea, Per"]
[Result "1-0"]
[WhiteElo "1556"]
[BlackElo "1669"]
[PlyCount "109"]
[EventDate "2003.01.23"]

1. Nf3 Nf6 2. d4 d5 3. c4 e6 4. g3 Be7 5. Bg2 O-O 6. cxd5 exd5 7. O-O c6 8. Nc3
Re8 9. Re1 Nbd7 10. a4 Bd6 11. Qc2 Nf8 12. Bg5 h6 13. Bxf6 Qxf6 14. e4 Qg6 15.
Nh4 Qh7 16. f4 Bd7 17. f5 Be7 18. Qf2 dxe4 19. Bxe4 Bf6 20. Bc2 Rad8 21. Rxe8
Rxe8 22. g4 h5 23. Ne4 Bxh4 24. Qxh4 hxg4 25. Qxg4 Qxf5 26. Qxf5 Bxf5 27. Nd6
Bxc2 28. Nxe8 Ne6 29. Nd6 Nxd4 30. Nxb7 f5 31. Kf2 f4 32. Nc5 Kf7 33. Re1 g5
34. a5 Nb3 35. Nxb3 Bxb3 36. Kf3 Kf6 37. h4 gxh4 38. Kxf4 a6 39. Kg4 Bc4 40.
Kxh4 Kf5 41. Kh5 Kf6 42. Kg4 Be6+ 43. Kf4 Ke7 44. Ke5 Kd7 45. Rg1 Bc4 46. Rg7+
Kc8 47. Kd6 Bb5 48. Rc7+ Kb8 49. Rxc6 Kb7 50. Rc7+ Ka8 51. Kc5 Bd3 52. Kb6 Kb8
53. Rd7 Bf5 54. Rd8+ Bc8 55. Rxc8+ 1-0

[Event "Høstturnering 2002"]
[Site "Ski, Akershus NOR"]
[Date "2002.09.12"]
[Round "1"]
[White "Lea, Per"]
[Black "Lystad, Frank"]
[Result "1-0"]
[WhiteElo "1706"]
[BlackElo "1431"]
[PlyCount "41"]
[EventDate "2002.09.12"]

1. e4 c5 2. Nf3 d6 3. d4 cxd4 4. Nxd4 Nf6 5. Nc3 a6 6. Bg5 Nbd7 7. f4 e6 8. Qf3
Be7 9. Bc4 Qb6 10. O-O-O Nc5 11. e5 dxe5 12. fxe5 Ng8 13. Be3 Bd7 14. Rhf1 f6
15. Ne4 f5 16. Nxe6 Bxe6 17. Nd6+ Bxd6 18. Rxd6 Qc7 19. Bxe6 Nxe6 20. Rxe6+ Ne7
21. Qxf5 1-0

[Event "Høstturnering 2002"]
[Site "Ski, Akershus NOR"]
[Date "2002.10.03"]
[Round "1"]
[White "Furnes, Torstein"]
[Black "Høyer, Tor"]
[Result "1/2-1/2"]
[WhiteElo "1526"]
[BlackElo "1174"]
[PlyCount "56"]
[EventDate "2002.09.12"]

1. d4 d5 2. c4 e6 3. Nc3 Nf6 4. Bg5 Be7 5. e3 dxc4 6. Bxc4 c6 7. Nf3 Nbd7 8.
O-O O-O 9. Re1 b5 10. Bd3 Re8 11. Rc1 Bb7 12. Bb1 h6 13. Bf4 a6 14. Qd3 Nf8 15.
Ne4 Rc8 16. Nc5 Bxc5 17. Rxc5 N6d7 18. Rh5 f5 19. Be5 Ng6 20. Qb3 Ndxe5 21.
dxe5 c5 22. Rd1 Qe7 23. Qc3 Bxf3 24. gxf3 Red8 25. Rc1 Qc7 26. f4 Qd7 27. Rh3
Qd2 28. Qxd2 Rxd2 1/2-1/2

[Event "Høstturnering 2002"]
[Site "Ski, Akershus NOR"]
[Date "2002.09.19"]
[Round "2"]
[White "Moberg, Jan Rune"]
[Black "Lea, Per"]
[Result "0-1"]
[WhiteElo "1488"]
[BlackElo "1706"]
[PlyCount "100"]
[EventDate "2002.09.12"]

1. c4 Nf6 2. g3 e5 3. Nc3 d5 4. cxd5 Nxd5 5. Bg2 c6 6. Qc2 Nb4 7. Qd1 Bf5 8. d3
Bc5 9. Bd2 Bxd3 10. Rc1 Bxe2 11. Ngxe2 Nd3+ 12. Kf1 Nxf2 13. Qc2 Qf6 14. Nf4
exf4 15. Re1+ Kf8 16. Ne4 Nxe4 17. Qxe4 fxg3+ 18. Bf3 g2+ 19. Kxg2 Qg6+ 20. Qg4
f5 21. Qxg6 hxg6 22. Re6 Kf7 23. Rhe1 Nd7 24. b4 Nf8 25. R6e2 Bd6 26. h3 Rd8
27. Bg5 Rd7 28. a3 Nh7 29. Bc1 Nf6 30. Bb2 Re8 31. Rxe8 Nxe8 32. Rd1 Nf6 33. b5
cxb5 34. Be2 a6 35. a4 bxa4 36. Bc4+ Ke7 37. Re1+ Kd8 38. Bc3 b5 39. Be6 Re7
40. Ba5+ Bc7 41. Rd1+ Ke8 42. Bxc7 Rxc7 43. Rd6 Rb7 44. Rxa6 b4 45. Rxa4 b3 46.
Ra1 b2 47. Rb1 Ne4 48. Bd5 Nc3 49. Re1+ Re7 50. Bc6+ Kf8 0-1

[Event "Høstturnering 2002"]
[Site "Ski, Akershus NOR"]
[Date "2002.09.19"]
[Round "2"]
[White "Hovland, Arne"]
[Black "Furnes, Torstein"]
[Result "1-0"]
[WhiteElo "1514"]
[BlackElo "1526"]
[PlyCount "39"]
[EventDate "2002.09.12"]

1. d4 d5 2. c4 e6 3. Nc3 Nf6 4. cxd5 exd5 5. Bf4 c6 6. e3 Bb4 7. Bd3 O-O 8. Qb3
Bd6 9. Bg3 Re8 10. Nge2 Ne4 11. Nxe4 dxe4 12. Bc4 Rf8 13. Nc3 Bxg3 14. hxg3 Qe7
15. Nxe4 Qxe4 16. Bd3 Qe7 17. Bxh7+ Kh8 18. Qc2 f6 19. Qc4 g5 20. Bf5+ 1-0

[Event "Høstturnering 2002"]
[Site "Ski, Akershus NOR"]
[Date "2002.09.26"]
[Round "3"]
[White "Lea, Per"]
[Black "Høva, Frode"]
[Result "1/2-1/2"]
[WhiteElo "1706"]
[BlackElo "1501"]
[PlyCount "82"]
[EventDate "2002.09.12"]

1. e4 c5 2. Nf3 d6 3. d4 cxd4 4. Nxd4 Nf6 5. Nc3 e6 6. Bg5 Nc6 7. f4 Be7 8. Qd2
O-O 9. O-O-O Nxd4 10. Qxd4 Qa5 11. Bc4 Bd7 12. Rhe1 Bc6 13. e5 dxe5 14. Rxe5
Qc7 15. g3 Rfd8 16. Qg1 Rxd1+ 17. Qxd1 Rd8 18. Qe2 Qb6 19. f5 Ne4 20. Bxe7 Qg1+
21. Qf1 Qe3+ 22. Kb1 Nd2+ 23. Ka1 Qxe5 24. Qf2 Nxc4 25. Bxd8 exf5 26. Qe2 Qxe2
27. Nxe2 Be4 28. b3 Nd2 29. c4 Nf3 30. h4 h6 31. Kb2 g5 32. hxg5 hxg5 33. Kc3
Kg7 34. Nd4 Kg6 35. Nxf3 Bxf3 36. Kd3 f4 37. gxf4 gxf4 38. Kd2 Kf5 39. Ke1 Ke4
40. Kf2 f5 41. Bf6 Bh5 1/2-1/2

[Event "Høstturnering 2002"]
[Site "Ski, Akershus NOR"]
[Date "2002.10.10"]
[Round "4"]
[White "Øgaard, Henning"]
[Black "Lea, Per"]
[Result "1-0"]
[WhiteElo "1825"]
[BlackElo "1706"]
[PlyCount "101"]
[EventDate "2002.09.12"]

1. d4 d5 2. c3 Nf6 3. Nf3 e6 4. Bg5 Be7 5. e3 O-O 6. Bd3 Nbd7 7. Nbd2 c5 8. Qe2
b6 9. Ne5 Nxe5 10. dxe5 Nd7 11. Bxe7 Qxe7 12. f4 c4 13. Bc2 Nc5 14. O-O f5 15.
exf6 Qxf6 16. Nf3 h6 17. Nd4 Bb7 18. Rf3 e5 19. fxe5 Qxe5 20. Raf1 Rxf3 21.
Qxf3 Qe7 22. Qf5 Qxe3+ 23. Kh1 Nd3 24. Bxd3 Qxd3 25. Qf7+ Kh8 26. h3 Rg8 27.
Rf3 Qb1+ 28. Kh2 Bc8 29. Nc6 Qe4 30. Ne7 Be6 31. Ng6+ Kh7 32. Nf8+ Rxf8 33.
Qxf8 Qe5+ 34. Qf4 Qxf4+ 35. Rxf4 Kg8 36. Kg3 g6 37. Rf6 Bf5 38. Rd6 Kf7 39.
Rxd5 Ke7 40. Kf4 Bd7 41. Rd4 b5 42. Ke5 Bc6 43. Rd6 Bxg2 44. Rxg6 Bxh3 45. Rxh6
Bg2 46. Rh7+ Kd8 47. Rxa7 Kc8 48. Kd6 Kb8 49. Rg7 Be4 50. Kc5 Bb1 51. a3 1-0

[Event "Høstturnering 2002"]
[Site "Ski, Akershus NOR"]
[Date "2002.10.10"]
[Round "4"]
[White "Lystad, Frank"]
[Black "Furnes, Torstein"]
[Result "1-0"]
[WhiteElo "1399"]
[BlackElo "1526"]
[PlyCount "99"]
[EventDate "2002.09.12"]

1. d4 d5 2. Nf3 Nf6 3. g3 Bg4 4. Nbd2 e6 5. Bg2 Be7 6. O-O O-O 7. Ne5 Bf5 8.
Ndf3 Nbd7 9. c3 c5 10. Be3 Ng4 11. Nxg4 Bxg4 12. a3 c4 13. Re1 b5 14. Qc1 a5
15. Bg5 Bxf3 16. Bxe7 Qxe7 17. Bxf3 f5 18. Bg2 Nf6 19. f3 Qd7 20. e4 fxe4 21.
fxe4 dxe4 22. Bxe4 Nxe4 23. Rxe4 Rf6 24. Qe3 Raf8 25. Re1 Rf3 26. Qd2 R8f6 27.
R4e3 Qf7 28. Rxf3 Rxf3 29. Qg2 Qf5 30. Rf1 Rxf1+ 31. Qxf1 Qxf1+ 32. Kxf1 Kf7
33. Kf2 Kf6 34. Kf3 h5 35. Ke4 g5 36. h3 a4 37. g4 h4 38. d5 e5 39. d6 Ke6 40.
d7 Kxd7 41. Kxe5 Kc6 42. Kf5 Kd5 43. Kxg5 Ke4 44. Kxh4 Kd3 45. g5 Kc2 46. g6
Kxb2 47. g7 Kxc3 48. g8=Q Kb2 49. Qb8 c3 50. Qxb5+ 1-0

[Event "Høstturnering 2002"]
[Site "Ski, Akershus NOR"]
[Date "2002.10.17"]
[Round "5"]
[White "Simonsen, Steinar"]
[Black "Lea, Per"]
[Result "0-1"]
[WhiteElo "1542"]
[BlackElo "1706"]
[PlyCount "80"]
[EventDate "2002.09.12"]

1. e4 e5 2. Nf3 Nc6 3. Bc4 Nf6 4. d4 Nxe4 5. O-O d5 6. Bb5 Bd7 7. Bxc6 Bxc6 8.
Nxe5 Bd6 9. Nxc6 bxc6 10. Qg4 O-O 11. Nd2 f5 12. Qe2 Qh4 13. g3 Qh3 14. Qf3
Rae8 15. Qg2 Qh5 16. c4 Nxd2 17. Bxd2 Qe2 18. f4 Qxc4 19. Bc3 c5 20. Rfd1 cxd4
21. Rxd4 Bc5 22. Rad1 Bxd4+ 23. Rxd4 Re1+ 24. Bxe1 Qxd4+ 25. Qf2 Qxf2+ 26. Bxf2
Kf7 27. a3 a6 28. b4 Ke6 29. Bd4 g6 30. Kf2 Rb8 31. Bc5 Kd7 32. Ke3 Kc6 33. Kd4
Re8 34. Kd3 a5 35. Kc3 Re4 36. Bf8 Kb5 37. Bc5 Rc4+ 38. Kb3 a4+ 39. Kb2 Rxc5
40. bxc5 Kxc5 0-1

[Event "Høstturnering 2002"]
[Site "Ski, Akershus NOR"]
[Date "2002.10.24"]
[Round "5"]
[White "Furnes, Torstein"]
[Black "Bakken, Svein-Erik"]
[Result "0-1"]
[WhiteElo "1532"]
[BlackElo "1365"]
[PlyCount "120"]
[EventDate "2002.09.12"]

1. d4 Nf6 2. c4 e5 3. d5 Bc5 4. e3 O-O 5. Nf3 d6 6. Be2 Bg4 7. O-O Nbd7 8. Nc3
a6 9. a3 Re8 10. b4 Ba7 11. e4 Nf8 12. Qd3 Ng6 13. h3 Bxf3 14. Qxf3 h6 15. Be3
Bd4 16. Rac1 Bxc3 17. Rxc3 Nh4 18. Qg3 Nxe4 19. Qg4 Nxc3 20. Bd3 e4 21. Bc2 Qf6
22. Bd2 Ng6 23. Re1 b5 24. Qg3 e3 25. Bxe3 Ne4 26. Qg4 Ng5 27. h4 Ne5 28. hxg5
Nxg4 29. gxf6 Nxf6 30. Bd3 bxc4 31. Bxc4 Ng4 32. a4 Nxe3 33. fxe3 Re4 34. Rc1
Rae8 35. Bxa6 Rxb4 36. Bb5 Rxe3 37. Rxc7 g5 38. Rd7 g4 39. Rxd6 g3 40. Rf6 Re1+
41. Rf1 Rbb1 42. a5 Rxf1+ 43. Bxf1 Kf8 44. a6 Ke7 45. a7 Ra1 46. a8=Q Rxa8 47.
Bd3 Kd6 48. Kf1 Kxd5 49. Ke2 Kd4 50. Bb5 f5 51. Kf3 Rg8 52. Kf4 Rg4+ 53. Kf3
Ke5 54. Bd7 h5 55. Be8 h4 56. Bb5 Rf4+ 57. Ke3 Rf2 58. Bc6 f4+ 59. Kd3 h3 60.
gxh3 g2 0-1

[Event "Høstturnering 2002"]
[Site "Ski, Akershus NOR"]
[Date "2002.10.31"]
[Round "6"]
[White "Lea, Per"]
[Black "Hovland, Arne"]
[Result "0-1"]
[WhiteElo "1706"]
[BlackElo "1495"]
[PlyCount "100"]
[EventDate "2002.09.12"]

1. e4 c5 2. Nf3 Nc6 3. d4 cxd4 4. Nxd4 Nf6 5. Nc3 e5 6. Ndb5 d6 7. Bg5 a6 8.
Na3 b5 9. Nd5 Be7 10. Bxf6 Bxf6 11. c3 Bg5 12. Nc2 O-O 13. a4 bxa4 14. Rxa4 Ne7
15. Ncb4 Nxd5 16. Nxd5 Bb7 17. Bc4 a5 18. h4 Be7 19. h5 Bxd5 20. Bxd5 Rb8 21.
b3 Kh8 22. Qg4 Qc7 23. Rh3 Rb5 24. Rc4 Qb8 25. Rc6 f5 26. Qe2 Rxb3 27. Bxb3
Qxb3 28. Qd1 Qb7 29. Rc4 fxe4 30. Ra4 d5 31. Rxa5 Qb6 32. Ra2 d4 33. cxd4 exd4
34. Rb3 Qd6 35. Qe2 e3 36. f3 Qh2 37. Ra7 Qg1+ 38. Qf1 Bh4+ 39. Ke2 Qh2 40.
Rab7 Rc8 41. Rb2 Qd6 42. Qd1 Bg3 43. R7b6 Qc5 44. R6b5 Qc4+ 45. Qd3 Qc1 46.
Qxd4 Qe1+ 47. Kd3 Qd1+ 48. Ke4 e2 49. Rxe2 Qxe2+ 50. Kf5 Qxb5+ 0-1

[Event "Høstturnering 2002"]
[Site "Ski, Akershus NOR"]
[Date "2002.11.14"]
[Round "7"]
[White "Samset, Jon"]
[Black "Furnes, Torstein"]
[Result "0-1"]
[WhiteElo "1117"]
[BlackElo "1526"]
[PlyCount "98"]
[EventDate "2002.09.12"]

1. Nf3 d5 2. d4 Nf6 3. g3 e6 4. Bg2 c5 5. c3 Bd6 6. O-O O-O 7. Bg5 Nbd7 8. Nbd2
h6 9. Bxf6 Nxf6 10. Re1 cxd4 11. cxd4 Qb6 12. b3 Bb4 13. Rc1 Ne4 14. Rf1 Nxd2
15. Nxd2 Qxd4 16. Rc2 Bd7 17. Kh1 Rac8 18. Rxc8 Rxc8 19. Nf3 Qxd1 20. Rxd1 Bb5
21. Nd4 Ba6 22. a4 e5 23. Nb5 Bxb5 24. axb5 e4 25. Bh3 Rc5 26. Bd7 Kf8 27. Ra1
Ke7 28. Bg4 Rxb5 29. Rxa7 Bc5 30. Ra8 Bxf2 31. Rg8 Bd4 32. Rb8 Rxb3 33. Bc8 Kd6
34. Rxb7 Rxb7 35. Bxb7 Ke5 36. Kg2 f5 37. Bc8 g5 38. h3 Be3 39. Bd7 f4 40. g4
d4 41. Bb5 Kd5 42. Ba6 Kc5 43. Bb7 d3 44. exd3 exd3 45. Bf3 Kd4 46. Kf1 Kc3 47.
Ke1 Kc2 48. Bd1+ Kc1 49. Bf3 d2+ 0-1

[Event "Høstturnering 2002"]
[Site "Ski, Akershus NOR"]
[Date "2002.11.20"]
[Round "7"]
[White "Lea, Per"]
[Black "Bekkelien, Glenn Lewi"]
[Result "1/2-1/2"]
[WhiteElo "1706"]
[BlackElo "1668"]
[PlyCount "107"]
[EventDate "2002.09.12"]

1. e4 c6 2. d4 d5 3. Nc3 dxe4 4. Nxe4 Nd7 5. Bc4 Ngf6 6. Ng5 e6 7. Qe2 Nb6 8.
N1f3 Nxc4 9. Qxc4 h6 10. Nh3 Qc7 11. Ne5 Bd6 12. f4 b5 13. Qxc6+ Qxc6 14. Nxc6
Bb7 15. d5 Nxd5 16. Nd4 Nb4 17. O-O Bc5 18. Be3 Bxd4 19. Bxd4 Nxc2 20. Rad1
Nxd4 21. Rxd4 Bd5 22. b3 Rc8 23. f5 O-O 24. Nf4 Bxb3 25. axb3 e5 26. Rb4 exf4
27. Rxb5 g5 28. f6 Rc2 29. h4 Re8 30. hxg5 Ree2 31. Rxf4 Rxg2+ 32. Kh1 Rxg5 33.
Rxg5+ hxg5 34. Rf5 Rc6 35. Rxg5+ Kf8 36. Rf5 Ke8 37. Re5+ Re6 38. Rf5 Kd7 39.
Kg2 Rb6 40. Rf3 Ke6 41. Kg3 Ke5 42. Rc3 Kxf6 43. Kf4 Rb4+ 44. Ke3 Ke5 45. Kd3
Rd4+ 46. Ke3 f5 47. Rc7 f4+ 48. Kf3 Rd3+ 49. Ke2 Rxb3 50. Rxa7 Re3+ 51. Kf2 Kf5
52. Rf7+ Ke5 53. Re7+ Kd4 54. Rxe3 1/2-1/2

[Event "Høstturnering 2002"]
[Site "Ski, Akershus NOR"]
[Date "2002.11.21"]
[Round "8"]
[White "Pettersen, Erling"]
[Black "Furnes, Torstein"]
[Result "0-1"]
[WhiteElo "1325"]
[BlackElo "1526"]
[PlyCount "56"]
[EventDate "2002.09.12"]

1. e4 c5 2. Nf3 Nc6 3. c4 d6 4. h3 Nf6 5. d3 g6 6. Bd2 Bg7 7. Bc3 O-O 8. Be2 e5
9. Nbd2 Nd4 10. Bxd4 cxd4 11. Nh2 Bd7 12. Ng4 Nh5 13. g3 f5 14. Nh2 Nf6 15.
exf5 Bxf5 16. g4 Be6 17. g5 Nd7 18. h4 d5 19. Bg4 Bxg4 20. Qxg4 Nc5 21. Qh3 e4
22. dxe4 dxe4 23. Ng4 Nd3+ 24. Kd1 Nxb2+ 25. Kc2 d3+ 26. Kc1 Qd4 27. Nxe4 Qxc4+
28. Kd2 Qc2+ 0-1

[Event "Høstturnering 2002"]
[Site "Ski, Akershus NOR"]
[Date "2002.12.12"]
[Round "9"]
[White "Lund, Alf Haakon"]
[Black "Lea, Per"]
[Result "0-1"]
[WhiteElo "1468"]
[BlackElo "1706"]
[PlyCount "62"]
[EventDate "2002.09.12"]

1. e4 e5 2. Nf3 Nc6 3. d4 exd4 4. Bc4 Nf6 5. O-O Nxe4 6. Re1 d5 7. Bxd5 Qxd5 8.
Nc3 Qa5 9. Nxd4 f5 10. Nxc6 bxc6 11. f3 Qb6+ 12. Kh1 Bb4 13. Bd2 O-O 14. fxe4
fxe4 15. Rxe4 Bd6 16. Qc1 Bf5 17. Re1 Qf2 18. Ne4 Bxe4 19. Rxe4 Rae8 20. Be3
Qf5 21. Rxe8 Rxe8 22. Qd2 Qh5 23. Bg1 Re2 24. Qd3 Qb5 25. Qc3 Qd5 26. Qh3 h6
27. Rf1 Rxc2 28. Rf5 Qe4 29. Ra5 Rxb2 30. Rxa7 Rb1 31. Qc3 Rxg1+ 0-1

[Event "Høstturnering 2002"]
[Site "Ski, Akershus NOR"]
[Date "2002.12.12"]
[Round "9"]
[White "Furnes, Torstein"]
[Black "Høva, Frode"]
[Result "1-0"]
[WhiteElo "1526"]
[BlackElo "1527"]
[PlyCount "79"]
[EventDate "2002.09.12"]

1. d4 Nf6 2. c4 c5 3. e3 g6 4. Nf3 Bg7 5. Be2 cxd4 6. exd4 O-O 7. O-O d5 8. Nc3
Nc6 9. Be3 a6 10. Rc1 dxc4 11. Bxc4 b5 12. Be2 Bb7 13. a3 Qd6 14. b4 Rfd8 15.
Qd2 Rac8 16. Rfd1 e6 17. Rc2 Rd7 18. Bf4 Qe7 19. h3 Qd8 20. Qe3 Nd5 21. Nxd5
Rxd5 22. Rcd2 Ne7 23. Be5 Nf5 24. Qf4 Bh6 25. Qg4 Bxd2 26. Rxd2 Rc1+ 27. Kh2
Rc3 28. h4 h5 29. Qf4 Rxe5 30. dxe5 Qe7 31. Rd3 Rc4 32. Qd2 Nxh4 33. Rd8+ Kg7
34. Bxc4 Bxf3 35. Rd7 Qe8 36. Bf1 Bd5 37. Rd6 Qa8 38. Qg5 Nf5 39. Qf6+ Kh6 40.
Rd8 1-0

[Event "Klubbmesterskap 2002"]
[Site "Ski, Akershus NOR"]
[Date "2002.01.24"]
[Round "1"]
[White "Ådnøy, Hallvard Voll"]
[Black "Furnes, Torstein"]
[Result "1-0"]
[WhiteElo "2116"]
[BlackElo "1518"]
[PlyCount "63"]
[EventDate "2002.01.24"]

1. e4 c5 2. Nf3 Nc6 3. Nc3 d6 4. d4 cxd4 5. Nxd4 e5 6. Nb3 Nf6 7. Be2 Be7 8.
Be3 O-O 9. g4 Be6 10. g5 Ne8 11. Qd2 f5 12. exf5 Bxf5 13. Nd5 Rc8 14. c3 Nc7
15. h4 Be4 16. Nxc7 Rxc7 17. f3 Bxf3 18. Bxf3 Rxf3 19. Qd5+ Rf7 20. Rf1 Bf8 21.
h5 g6 22. hxg6 hxg6 23. Rf6 Kg7 24. Qe6 Rxf6 25. gxf6+ Kh8 26. O-O-O Rh7 27.
Nc5 Qc7 28. Ne4 Qf7 29. Qc8 Rh4 30. Ng5 Qxf6 31. Ne6 Kg8 32. Bg5 1-0

[Event "Klubbmesterskap 2002"]
[Site "Ski, Akershus NOR"]
[Date "2002.01.24"]
[Round "1"]
[White "Lea, Per"]
[Black "Johansen, Anders Sten"]
[Result "1/2-1/2"]
[WhiteElo "1712"]
[BlackElo "1596"]
[PlyCount "50"]
[EventDate "2002.01.24"]

1. e4 c5 2. Nf3 d6 3. d4 cxd4 4. Nxd4 Nf6 5. Nc3 Nc6 6. Bg5 Bd7 7. Qd2 Rc8 8.
O-O-O Nxd4 9. Qxd4 Qa5 10. f4 Rxc3 11. bxc3 Qxa2 12. Bc4 Qa3+ 13. Kd2 e5 14.
fxe5 dxe5 15. Qxe5+ Be7 16. Ra1 Qd6+ 17. Qxd6 Nxe4+ 18. Kd3 Nxd6 19. Bxe7 Kxe7
20. Rhe1+ Kd8 21. Rxa7 Bf5+ 22. Kd4 Kc7 23. Ra2 Nxc4 24. Kxc4 Be6+ 25. Rxe6
fxe6 1/2-1/2

[Event "Klubbmesterskap 2002"]
[Site "Ski, Akershus NOR"]
[Date "2002.01.31"]
[Round "2"]
[White "Furnes, Torstein"]
[Black "Lea, Per"]
[Result "1-0"]
[WhiteElo "1518"]
[BlackElo "1712"]
[Annotator "Furnes, Torstein"]
[PlyCount "87"]
[EventDate "2002.01.24"]

1. d4 d5 2. Nf3 Nf6 3. c4 e6 4. Nc3 c6 5. e3 Be7 6. Bd3 dxc4 7. Bxc4 Nbd7 8.
O-O Nd5 9. e4 Nxc3 10. bxc3 c5 11. d5 Nb6 12. Bb5+ Bd7 13. Bxd7+ Qxd7 14. Ne5
Qc7 15. Nxf7 $5 {Et langsiktig offer. For springeren får hvit initiativ,
kongeangrep og to bønder (der den ene er en langt fremskutt fribonde).} Kxf7
16. Qh5+ g6 17. Qf3+ Kg7 18. dxe6 Rhf8 19. Qh3 Kg8 20. Bh6 Rfe8 21. f4 Bf8 22.
f5 Bxh6 (22... Qe5 $5) 23. Qxh6 Qg7 24. Qe3 gxf5 25. exf5 Qf6 26. g4 h6 $6 ({
Bedre var} 26... Nd5 27. Qxc5 Nxc3) 27. Rf3 Nc4 28. Qxc5 Nd2 29. Rf4 Rac8 30.
Qf2 $6 ({Bedre var nok} 30. Qd4 Qxd4+ 31. cxd4) 30... Qxc3 31. Rd1 Rcd8 {Truer
Sf3+} 32. Re1 Qf6 33. h4 Rd3 34. Rc1 ({En annen mulighet var} 34. g5 hxg5 35.
Qg2) 34... Qb2 35. Rc7 Qa1+ $6 (35... Rf3 36. Rxf3 Nxf3+ 37. Kg2 Nxh4+) 36. Kg2
Qxa2 $6 ({Det beste for svart er nok} 36... Qf6) 37. f6 {Hvits bønder er nå
livsfarlige.} Qd5+ 38. Kh2 Kf8 39. f7 Nf1+ $2 {Ved første t kan Sf3+ virke
sterkt her. Hvis springeren ikke slås får svart en avdekkersjakk. Og Txf3 kan
lede til et jevnt sluttspill. Men hvit har det knusende svaret Dxf3!!:} (39...
Nf3+ 40. Qxf3 $3 Rxf3 41. e7+ Kg7 42. f8=Q+ Kh7 43. Rxf3 Qe5+ 44. Kg2) 40. Qxf1
Rd2+ 41. Kg1 Rxe6 42. Rc8+ Qd8 43. Rxd8+ Rxd8 44. Qa1 1-0

[Event "Klubbmesterskap 2002"]
[Site "Ski, Akershus NOR"]
[Date "2002.02.14"]
[Round "3"]
[White "Lea, Per"]
[Black "Gaasland, Glenn"]
[Result "0-1"]
[WhiteElo "1712"]
[BlackElo "1966"]
[PlyCount "82"]
[EventDate "2002.01.24"]

1. e4 c6 2. d4 d5 3. Nc3 dxe4 4. Nxe4 Bf5 5. Ng3 Bg6 6. Nf3 Nd7 7. h4 h6 8. h5
Bh7 9. Bd3 Bxd3 10. Qxd3 Qc7 11. Bd2 Ngf6 12. O-O-O O-O-O 13. Ne4 e6 14. g3
Nxe4 15. Qxe4 Nf6 16. Qe2 Bd6 17. Ne5 c5 18. Nf3 Nd5 19. c4 Nb6 20. b3 cxd4 21.
Ba5 e5 22. Kb1 Qe7 23. c5 Bxc5 24. Rc1 Kb8 25. Qxe5+ Qxe5 26. Nxe5 Rd5 27. Rxc5
Rxc5 28. Bxb6 Rxe5 29. Bxd4 Rg5 30. f3 Rd8 31. Be3 Rgd5 32. Kc2 Ka8 33. Rh4 Re8
34. Rd4 Rxh5 35. Rd7 Rf5 36. f4 h5 37. Kd3 g5 38. Kd2 h4 39. fxg5 h3 40. g6 h2
41. gxf7 Rxf7 0-1

[Event "Klubbmesterskap 2002"]
[Site "Ski, Akershus NOR"]
[Date "2002.04.11"]
[Round "3"]
[White "Weberg, Øivind"]
[Black "Furnes, Torstein"]
[Result "0-1"]
[WhiteElo "1642"]
[BlackElo "1518"]
[PlyCount "82"]
[EventDate "2002.01.24"]

1. e4 c5 2. f4 Nc6 3. Nf3 d6 4. Bc4 e6 5. O-O Nf6 6. Nc3 Be7 7. d3 O-O 8. Be3
d5 9. Bb3 d4 10. Bd2 dxc3 11. Bxc3 Nd4 12. Bxd4 cxd4 13. h3 b5 14. g4 a5 15. a3
a4 16. Ba2 Bb7 17. Ne5 Qc7 18. Rc1 Nd7 19. Nxd7 Qxd7 20. Qe2 Rac8 21. Qf2 Bc5
22. f5 Bxe4 23. f6 gxf6 24. Qxf6 Be7 25. Qh6 Bd5 26. Bb1 Qd6 27. Rf4 e5 28.
Qxd6 Bxd6 29. Rf5 Be6 30. Rh5 f6 31. Rf1 Kg7 32. c3 Bc5 33. Kg2 Kg6 34. c4 b4
35. axb4 Bxb4 36. Bc2 a3 37. bxa3 Bxa3 38. Ba4 f5 39. Kg3 fxg4 40. Rxf8 Rxf8
41. Rxe5 Bd6 0-1